000 00557nam a22002057a 4500
003 OSt
005 20140310182921.0
008 130129t xxu||||| |||| 00| 0 eng d
020 _a9712718571
050 _aPL5531
_b.G984 2006
082 _aFIL 899.2103
_bG984 2006
245 _aGold under the bridge
_ba story of life in the slums
_cGutierrez, Marilyn
260 _aManila :
_b Anvil,
_cc2006.
300 _a117 p. ;
_c20 cm.
521 _acollege students
526 _c1210L-1700L
541 _j1
562 _e1
942 _2lcc
_cBK
_kFIL
999 _c17351
_d17351